000 00361nam a2200133Ia 4500
005 20260328104322.0
008 260328s9999||||xx |||||||||||||| ||und||
100 _aZabalbeascoa, Anatxu
245 0 _aVidas Construidas :
_b BiografĂ­as de Arquitectos /
_cAnatxu Zabalbeascoa
260 _bGustavo Gili
300 _a247 p.
650 _aARQUITECTOS
942 _cBK
999 _c11375
_d11375